Aiuti pubblici e vincoli comunitari

Bibliographic Details
Main Author: Luchena, Giovanni
Format: eBook
Language:Italian
Published: Bari : Cacucci Editore, 2006
Subjects:
Online Access:http://www.vlex.com/source/6817

MARC

LEADER 00000nam a22000007a 4500
005 20130214174944.0
007 cr|||| ||||
008 130214e2006 it |||||s|||| 00| 0 ita d
020 |a 8884225310 
035 |a 6817 
040 |a vLex 
090 |c 3635  |d 3635 
100 1 0 |a Luchena, Giovanni 
245 1 0 |a Aiuti pubblici e vincoli comunitari  |h [Recurso electrn̤ico]  
256 |a Servicio en ln̕ea 
260 |a Bari :  |b Cacucci Editore,   |c 2006 
300 |a 1 Recurso electrn̤ico 
650 0 4 |a Derecho comunitario 
650 0 4 |a Derecho presupuestario 
740 |a vLex Libros (Servicio en ln̕ea) 
856 |a Acceso restringido  |u http://www.vlex.com/source/6817 
942 |c BOOK 
999 0 |a European Union